000 00786nam a22002177a 4500
999 _c1417
_d1417
003 AR-CdUCM
008 190227b ||||| |||| 00| 0 spa d
040 _aMUNICIPALIDAD PROVINCIAL DEL CUSCO
_cBIBLIOTECA MUNICIPAL DEL CUSCO
082 _23ra
_a804.08 /
_bM42
100 _aMenendez Pidal, Ramón
_93564
245 _aPoesía Árabe y poesía Europea :
_bCon otros estudios de Literatura Medieval
260 _aArgentina :
_bEspasa - Calpe ;
_c1946.
300 _a163 páginas
_bpentagramas
_c18cm
440 _aColección Austral /
_nSerie Verde : Ensayos y Filosofía
_95385
505 _aBreve historia de la poesía
650 _aPoesía
_9444
650 _aLiteratura árabe
_95386
650 _aLiteratura europea
_9894
942 _2ddc
_cLIBROS
945 _anom
_d2019-02-07